000 00780nam a2200265Ia 4500
003 OSt
005 20220930081319.0
006 a|||||r|||| 00| 0
007 ta
008 220926b |||||||| |||| 00| 0 hin d
024 _a105007
037 _cTheses
040 _aCRL
_cCRL
_bhin
041 _2hin
_ahin
100 _aBharti Rita
_9541091
110 _aUniversity of Delhi. Faculty of Arts. Department of Hindi
245 0 _aMadhyakaleen moolya vyavastha aur Giridhar ka kavya
260 _c2009
300 _a224p.
_ap.
_ccm.
650 _aHINDI LITERATURE
_923866
700 _a Dr. Asha Julka Gu.
_9541092
700 _aUniversity of Delhi. Faculty of Arts. Department of Hindi
942 _cDIS
_2CC
999 _c871273
_d871273